|
|
|
|
| LEADER |
00000nam a2200000 a 4500 |
| 001 |
vtls001183014 |
| 003 |
SK-MaSNL |
| 005 |
20260301194640.0 |
| 008 |
240315s1995 xo a y slo |
| 015 |
|
|
|a SNBI1996/0200804
|
| 020 |
|
|
|a 8085568489
|
| 035 |
|
|
|a SNK000126063
|
| 035 |
|
|
|a urn:nbn:sk:snk-amkeyk
|
| 035 |
|
|
|a urn:nbn:sk:snk-am008f4e
|
| 035 |
|
|
|a 30FE8B0B-7B89-48FE-AC66-BBB76245F5C4
|
| 040 |
|
|
|a SNK
|b slo
|c SNK
|e AACR2
|
| 041 |
0 |
|
|a slo
|
| 044 |
|
|
|a xo
|c SK
|
| 080 |
|
|
|a 69:340.133(094.57)(094.5)
|2 1981
|
| 080 |
|
|
|a 340.133
|2 1981
|
| 100 |
1 |
|
|a Sirotka, Dušan
|4 aut
|9 5654
|
| 245 |
1 |
0 |
|a Stavebný zákon
|b komentár : úplné znenie zákona so súvisiacimi predpismi
|c Dušan Sirotka, Mária Zászlósová
|
| 260 |
|
|
|a Bratislava
|b Eurounion
|c 1995
|
| 300 |
|
|
|a 451 s.
|b grafy, tab.
|c 25 cm
|
| 650 |
0 |
7 |
|a stavebníctvo
|x zákony
|x texty
|x komentáre
|x príručky
|2 SNK
|9 575555
|
| 650 |
0 |
7 |
|a právo stavebné
|x zákony
|x komentáre
|2 SNK
|9 575556
|
| 655 |
|
7 |
|a zákony
|2 SNK
|9 70186
|
| 655 |
|
7 |
|a vyhlášky
|2 SNK
|9 70671
|
| 700 |
1 |
|
|a Zászlósová, Mária
|4 aut
|9 47852
|
| 919 |
|
|
|a 80-85568-48-9
|
| 958 |
|
|
|a TL
|
| 999 |
|
|
|c 882587
|d 884517
|
| 952 |
|
|
|t P60, <09>, [BOOK], {629}
|a SNK
|b SNK
|y NEVYP
|7 0
|o snkC 124
|i snk227/960115
|0 0
|1 0
|4 0
|d 1996-03-05
|l 0
|r 2005-01-01 00:00:00
|w 2026-02-24
|
| 952 |
|
|
|t P60, <03>, [BOOK], {603}
|a SNK
|b SNK
|y PREZ
|7 0
|p 17A0064118
|o snkSC 90101
|i snkKSP 02681/96
|0 0
|1 0
|4 0
|d 1996-03-06
|f 1
|l 0
|r 2025-09-09 00:00:00
|w 2026-02-24
|
| 952 |
|
|
|t P60, <04>, [BOOK], {604}
|a SNK
|b SNK
|y VYP
|7 0
|p 17A0015899
|o snkSC 90101 D1
|i snkKSP 02682/96
|0 0
|1 0
|4 0
|d 1996-03-06
|l 0
|r 2005-01-01 00:00:00
|w 2026-02-24
|
| 952 |
|
|
|t snkSIR 69(094)
|a SNKUST
|b SNKUST
|y PREZ
|7 0
|p 17A0063561
|o snkSC 90101 D2
|i snk2016/24732
|8 5
|0 0
|1 0
|4 0
|d 1997-04-29
|l 0
|r 2025-04-28 00:00:00
|w 2026-02-24
|